[Event "Donetzk zt"]
[Site "Donetsk"]
[Date "1998.11.10"]
[Round "8"]
[White "Malakhatko, Vadim"]
[Black "Zontakh, Andrey"]
[Result "1/2-1/2"]
[WhiteElo "2435"]
[BlackElo "2540"]
[PlyCount "80"]
[EventDate "1998.11.02"]
[Source "ChessBase"]
[SourceDate "1999.02.01"]

1. Nf3 Nf6 2. c4 e6 3. Nc3 d5 4. d4 Be7 5. Bg5 O-O 6. e3 Nbd7 7. Qc2 c5 8. cxd5 Nxd5 9. Bxe7 Qxe7 10. Nxd5 exd5 11. dxc5 Nxc5 12. Be2 Bg4 13. O-O Rac8 14. Rac1 Rfd8 15. h3 Ne4 16. Qd3 Be6 17. Qd4 b6 18. Bd3 Nc5 19. Bb1 Nd7 20. Rfd1 Qf6 21. Qxf6 Nxf6 22. Nd4 a5 23. Kf1 Rxc1 24. Rxc1 Rc8 25. Rxc8+ Bxc8 26. Ke1 Kf8 27. Kd2 Ke7 28. Kc3 Kd6 29. Nf3 h6 30. Kd4 Ne8 31. Bd3 Nc7 32. a3 Bd7 33. Kc3 Ne6 34. b4 axb4+ 35. axb4 Bc6 36. Nd4 Nxd4 37. Kxd4 Bd7 38. h4 g5 39. g3 f6 40. Bc2 Bg4 1/2-1/2

[Event "X Open Anibal"]
[Site "Linares"]
[Date "2003.03.07"]
[Round "8.3"]
[White "Vasquez, Rodrigo"]
[Black "Del Rio Angelis, Salvador Gabriel"]
[Result "1/2-1/2"]
[WhiteElo "2481"]
[BlackElo "2487"]
[PlyCount "46"]
[EventDate "2003.03.01"]
[Source "Roberto Alvarez"]
[SourceDate "2003.03.03"]

1. d4 Nf6 2. c4 e6 3. Nf3 d5 4. Nc3 Be7 5. Bg5 O-O 6. e3 Nbd7 7. Qc2 c5 8. cxd5 cxd4 9. Nxd4 Nxd5 10. Bxe7 Nxe7 11. Bd3 Nf6 12. O-O Bd7 13. Ne4 Ned5 14. Nxf6+ Nxf6 15. Qb3 e5 16. Ne2 Be6 17. Bc4 Bxc4 18. Qxc4 Qb6 19. Nc3 Rac8 20. Qe2 Rfd8 21. Rfd1 a6 22. h3 g6 23. Rac1 Kg7 1/2-1/2

[Event "SUI-chT"]
[Site "SUI"]
[Date "1995.??.??"]
[Round "2"]
[White "Brunner, Lucas"]
[Black "Begovac, Franja"]
[Result "1/2-1/2"]
[WhiteElo "2530"]
[BlackElo "2435"]
[PlyCount "104"]
[EventDate "1995.??.??"]
[Source "ChessBase"]

1. d4 d5 2. c4 e6 3. Nc3 Be7 4. Nf3 Nf6 5. Bg5 O-O 6. e3 Nbd7 7. Qc2 c5 8. cxd5 Nxd5 9. Bxe7 Qxe7 10. Nxd5 exd5 11. Bd3 g6 12. b3 b6 13. O-O Bb7 14. Rac1 Rfc8 15. Qb2 a5 16. Bb5 Nf8 17. Rc2 Ne6 18. Rfc1 Rc7 19. Be2 Rac8 20. Qa3 Ra8 21. Bf1 a4 22. bxa4 cxd4 23. Qxe7 Rxe7 24. Nxd4 Nxd4 25. exd4 Rxa4 26. Rc7 Rxc7 27. Rxc7 Ba6 28. Ra7 Bb5 29. Rxa4 Bxa4 30. h4 h6 31. Ba6 Bc6 32. f4 f6 33. Kf2 Kf7 34. Bc8 Ke7 35. Ke3 Bb5 36. Kd2 Bf1 37. g3 Bc4 38. a3 Kd6 39. Kc3 Be2 40. Kb4 Kc7 41. Be6 Kd6 42. Bf7 g5 43. a4 gxf4 44. gxf4 Bc4 45. Bh5 Ke6 46. Bg4+ Kd6 47. Bf5 Be2 48. a5 bxa5+ 49. Kxa5 Kc6 50. Bg6 Bf1 51. Be8+ Kc7 52. Bb5 Bh3 1/2-1/2

[Event "Kurgan"]
[Site "Kurgan"]
[Date "1994.??.??"]
[Round "2"]
[White "Mochalov, Evgeny V"]
[Black "Balashov, Yuri S"]
[Result "1/2-1/2"]
[WhiteElo "2450"]
[BlackElo "2510"]
[PlyCount "21"]
[EventDate "1994.??.??"]
[Source "ChessBase"]

1. d4 Nf6 2. c4 e6 3. Nf3 d5 4. Nc3 Be7 5. Bg5 O-O 6. e3 Nbd7 7. Qc2 c5 8. cxd5 Nxd5 9. Bxe7 Qxe7 10. Nxd5 exd5 11. Bd3 1/2-1/2

[Event "Mancha Real op 3rd"]
[Site "Mancha Real"]
[Date "2000.07.20"]
[Round "4"]
[White "Campos Moreno, Javier B"]
[Black "Del Rio Angelis, Salvador Gabriel"]
[Result "1-0"]
[WhiteElo "2491"]
[BlackElo "2467"]
[PlyCount "89"]
[EventDate "2000.07.17"]
[Source "www.chesslib.no"]
[SourceDate "2004.05.04"]

1. d4 Nf6 2. c4 e6 3. Nf3 d5 4. Nc3 Be7 5. Bg5 O-O 6. e3 Nbd7 7. Qc2 c5 8. cxd5 cxd4 9. Nxd4 Nxd5 10. Bxe7 Nxe7 11. Bd3 Nf6 12. O-O Qa5 13. Rfd1 Bd7 14. Ne4 Ned5 15. Nb3 Qa4 16. Nec5 Qh4 17. g3 Qh6 18. Nxd7 Nxd7 19. Be4 Qh5 20. Bxd5 exd5 21. Nd4 Rfd8 22. Qf5 Qxf5 23. Nxf5 Nb6 24. Rac1 g6 25. Nd4 Rac8 26. Kf1 Kf8 27. Ke2 Ke7 28. g4 Na4 29. Rxc8 Rxc8 30. Rd3 a6 31. Ra3 Nc5 32. Rc3 Rc7 33. Nb3 Kd6 34. Nxc5 Rxc5 35. Rxc5 Kxc5 36. Kd3 a5 37. g5 b6 38. Kc3 Kd6 39. Kd4 Ke6 40. b3 Kd6 41. a3 Ke6 42. b4 axb4 43. axb4 Kd6 44. b5 Ke6 45. f3 1-0

[Event "ALBACETE Ch"]
[Site "?"]
[Date "2002.09.04"]
[Round "6"]
[White "Borges Mateos Juan"]
[Black "Del Rio Angelis Salvador Gabr"]
[Result "1/2-1/2"]
[WhiteElo "2447"]
[BlackElo "2504"]
[PlyCount "47"]
[EventDate "2002.??.??"]
[Source "www.chesslib.no"]
[SourceDate "2004.05.04"]

1. Nf3 d5 2. d4 Nf6 3. c4 e6 4. Nc3 Be7 5. Bg5 O-O 6. e3 Nbd7 7. Qc2 c5 8. cxd5 cxd4 9. Nxd4 Nxd5 10. Bxe7 Nxe7 11. Be2 Nf6 12. O-O Bd7 13. Qb3 Qa5 14. Rfd1 e5 15. Nf3 Bc6 16. a3 a6 17. Qb4 Qc7 18. Qd6 Qxd6 19. Rxd6 Ng6 20. Rad1 Rfc8 21. Nd2 Rd8 22. Nc4 Rxd6 23. Rxd6 Kf8 24. Na5 1/2-1/2

[Event "FSGM November"]
[Site "Budapest"]
[Date "2003.11.06"]
[Round "6"]
[White "Seres, Lajos"]
[Black "Kayumov, Sergey"]
[Result "1-0"]
[WhiteElo "2510"]
[BlackElo "2434"]
[PlyCount "75"]
[EventDate "2003.11.01"]
[Source "Roberto Alvarez"]
[SourceDate "2003.11.17"]

1. d4 d5 2. c4 e6 3. Nf3 Nf6 4. Nc3 Be7 5. Bg5 O-O 6. e3 Nbd7 7. Qc2 c5 8. cxd5 cxd4 9. Nxd4 Nxd5 10. Bxe7 Nxe7 11. Bd3 Nf6 12. O-O Qa5 13. Ne4 Ned5 14. Rfd1 Qb6 15. Nxf6+ Nxf6 16. Nf3 Qa5 17. a3 b6 18. Qc7 Bd7 19. b4 Qh5 20. Ba6 Bb5 21. Bb7 Rab8 22. Nd4 Ba4 23. Rdc1 e5 24. Nc6 Bxc6 25. Bxc6 a5 26. bxa5 bxa5 27. Qxa5 Rb2 28. Bf3 Qh4 29. g3 Qg5 30. Qc3 Rbb8 31. Bg2 h5 32. a4 Qf5 33. Qc2 e4 34. Qc5 Qe6 35. Qc6 Qe5 36. a5 Qb2 37. Bxe4 Qe5 38. Bg2 1-0

[Event "Tel Aviv"]
[Site "Tel Aviv"]
[Date "2001.02.27"]
[Round "7"]
[White "Doettling, Fabian"]
[Black "Botvinnik, Ilia"]
[Result "1/2-1/2"]
[WhiteElo "2509"]
[BlackElo "2434"]
[PlyCount "47"]
[EventDate "2001.02.20"]
[Source "ChessBase"]
[SourceDate "2001.05.17"]

1. d4 e6 2. c4 Nf6 3. Nf3 d5 4. Nc3 Nbd7 5. Bg5 Be7 6. e3 O-O 7. Qc2 c5 8. cxd5 Nxd5 9. Bxe7 Nxe7 10. Bd3 cxd4 11. Nxd4 Nf6 12. O-O Qb6 13. Ne4 Ned5 14. a3 Nxe4 15. Bxe4 Nf6 16. Bf3 Bd7 17. Qb3 e5 18. Qxb6 axb6 19. Nb3 e4 20. Be2 Rfc8 21. Rfc1 Kf8 22. Kf1 Ke7 23. Ke1 Ne8 24. Rxc8 1/2-1/2

[Event "Biel Credis"]
[Site "Biel"]
[Date "1996.??.??"]
[Round "2"]
[White "Zueger, Beat"]
[Black "Kelecevic, Nedeljko"]
[Result "1/2-1/2"]
[WhiteElo "2460"]
[BlackElo "2475"]
[PlyCount "132"]
[EventDate "1996.07.22"]
[Source "ChessBase"]

1. c4 e6 2. Nc3 d5 3. d4 Nf6 4. Bg5 Be7 5. e3 O-O 6. Nf3 Nbd7 7. Qc2 c5 8. cxd5 Nxd5 9. Bxe7 Nxe7 10. dxc5 Qa5 11. Bd3 h6 12. O-O Qxc5 13. Rfd1 Nc6 14. Ne4 Qe7 15. Bb5 Nb4 16. Qc7 Nd5 17. Qd6 N7b6 18. Rac1 a6 19. Qxe7 Nxe7 20. Be2 Nbd5 21. Kf1 Rd8 22. Ne5 f6 23. Nc4 Nc6 24. Nc3 Rb8 25. Bf3 Nxc3 26. Rxd8+ Nxd8 27. Rxc3 Bd7 28. Nd6 Bc6 29. Bxc6 Nxc6 30. Nxb7 Rxb7 31. Rxc6 Rxb2 32. Rxa6 e5 33. g4 Kh7 34. Kg2 h5 35. gxh5 Kh6 36. Ra7 Kxh5 37. Rxg7 Rxa2 38. e4 Re2 39. Kf3 Re1 40. Rg3 Kh6 41. Rg4 Kh5 42. Rg8 Kh6 43. h4 Rh1 44. h5 Ra1 45. Rg6+ Kxh5 46. Rxf6 Ra3+ 47. Ke2 Kg4 48. Rf5 Ra5 49. Kd3 Kh4 50. Kc4 Kg4 51. Kb4 Ra2 52. Kc4 Ra5 53. f3+ Kg3 54. Rf6 Kf2 55. Kb4 Ra8 56. Kc5 Rd8 57. Rd6 Re8 58. Rf6 Rd8 59. Rf5 Ke3 60. Rxe5 Kxf3 61. Re7 Kf4 62. e5 Kf5 63. Kc6 Rd1 64. e6 Kf6 65. Re8 Rc1+ 66. Kd6 Rd1+ 1/2-1/2

[Event "SWE Team Ch 9394"]
[Site "Sweden"]
[Date "1994.??.??"]
[Round "6"]
[White "Cramling, Pia"]
[Black "Ekstroem, Roland"]
[Result "1-0"]
[WhiteElo "2515"]
[BlackElo "2420"]
[PlyCount "111"]
[EventDate "1993.??.??"]
[Source "www.chesslib.no"]
[SourceDate "2004.05.04"]

1. d4 e6 2. c4 d5 3. Nc3 Be7 4. Nf3 Nf6 5. Bg5 Nbd7 6. Qc2 O-O 7. e3 c5 8. cxd5 Nxd5 9. Nxd5 exd5 10. Bxe7 Qxe7 11. Be2 b6 12. O-O Bb7 13. dxc5 bxc5 14. Rac1 Rfc8 15. Rfe1 Nf6 16. Nd2 Rc7 17. Bf3 Re8 18. h3 h6 19. Qa4 Ba8 20. Nb3 Rb8 21. Re2 Kf8 22. Qa5 Rbc8 23. Rec2 c4 24. Nd4 Qc5 25. Qxc5+ Rxc5 26. b3 c3 27. b4 Rc4 28. a3 Ne4 29. Be2 R4c7 30. Nb5 Re7 31. Bd3 a5 32. bxa5 Bc6 33. Nxc3 Ra8 34. Nxe4 dxe4 35. Be2 Bb7 36. Rc5 g6 37. Bc4 Ba6 38. Bd5 Raa7 39. Rb1 Bd3 40. Rb8+ Kg7 41. Ra8 Rxa8 42. Bxa8 Ra7 43. Bd5 Kf6 44. f3 exf3 45. Bxf3 Ke6 46. Kf2 h5 47. h4 Ba6 48. Ke1 Kd6 49. Rd5+ Ke6 50. Rg5 Rc7 51. Kd2 Bf1 52. Rd5 Ba6 53. Rd8 Bf1 54. Ra8 Rc4 55. Ke1 Bd3 56. Rd8 1-0

[Event "Rubinstein mem"]
[Site "Polanica Zdroj"]
[Date "1983.??.??"]
[Round "9"]
[White "Lechtynsky, Jiri"]
[Black "Hresc, Vladimir"]
[Result "1-0"]
[WhiteElo "2475"]
[BlackElo "2450"]
[PlyCount "101"]
[EventDate "1983.08.??"]
[Source "ChessBase"]

1. d4 d5 2. c4 e6 3. Nf3 Nf6 4. Nc3 Be7 5. Bg5 O-O 6. e3 Nbd7 7. Qc2 c5 8. cxd5 Nxd5 9. Bxe7 Qxe7 10. Nxd5 exd5 11. dxc5 Nxc5 12. Be2 Bg4 13. O-O Rac8 14. Rfd1 Rfd8 15. Nd4 Ne6 16. Qd3 Nxd4 17. Bxg4 Ne6 18. Qb3 Rc4 19. Bf3 Nc5 20. Qa3 Ra4 21. Qc3 Rc4 22. Qa3 Ra4 23. Qc3 Rc4 24. Qa5 Ra4 25. Qb5 a6 26. Qb6 Ne4 27. Rd4 Rxd4 28. Qxd4 Qh4 29. g3 Ng5 30. Bg4 Qh6 31. h4 Ne4 32. Rc1 Qd6 33. Kg2 h6 34. Bf3 f5 35. b4 Rd7 36. Bd1 Qf6 37. Qxf6 Nxf6 38. Ba4 b5 39. Bb3 Kf8 40. Rc6 d4 41. Be6 Rd8 42. exd4 Rxd4 43. Rxa6 f4 44. a3 fxg3 45. fxg3 Ke7 46. Bf5 Nd5 47. Kf3 Rd1 48. g4 Rh1 49. Ke4 Nf6+ 50. Ke5 Rxh4 51. Ra7+ 1-0

[Event "URS-FL"]
[Site "Sverdlovsk"]
[Date "1987.??.??"]
[Round "?"]
[White "Rashkovsky, Nukhim N"]
[Black "Kharitonov, Andrei Y"]
[Result "1/2-1/2"]
[WhiteElo "2470"]
[BlackElo "2450"]
[PlyCount "35"]
[EventDate "1987.11.??"]
[Source "www.chesslib.no"]
[SourceDate "2004.05.04"]

1. d4 Nf6 2. c4 e6 3. Nc3 d5 4. Nf3 Be7 5. Bg5 O-O 6. e3 Nbd7 7. Qc2 c5 8. cxd5 cxd4 9. Nxd4 Nxd5 10. Bxe7 Nxe7 11. Be2 Nf6 12. O-O Bd7 13. Rfd1 Qb6 14. Qb3 Qxb3 15. Nxb3 Rac8 16. Ne4 Ba4 17. Nxf6+ gxf6 18. Rac1 1/2-1/2

[Event "Vrnjacka Banja"]
[Site "Vrnjacka Banja YUG"]
[Date "1985.??.??"]
[Round "4"]
[White "Plachetka, Jan"]
[Black "Simic, Radoslav"]
[Result "1/2-1/2"]
[WhiteElo "2440"]
[BlackElo "2480"]
[PlyCount "27"]
[EventDate "1985.??.??"]
[Source "www.chesslib.no"]
[SourceDate "2004.05.04"]

1. d4 Nf6 2. Nf3 e6 3. c4 d5 4. Nc3 Be7 5. Bg5 Nbd7 6. e3 O-O 7. Qc2 c5 8. cxd5 Nxd5 9. Bxe7 Qxe7 10. Nxd5 exd5 11. Bd3 h6 12. b3 b6 13. O-O Bb7 14. Rfc1 1/2-1/2

[Event "SUI-chT"]
[Site "SUI"]
[Date "1999.??.??"]
[Round "1.4"]
[White "Kelecevic, Nedeljko"]
[Black "Brunner, Lucas"]
[Result "1/2-1/2"]
[WhiteElo "2425"]
[BlackElo "2492"]
[PlyCount "57"]
[EventDate "1999.01.??"]
[Source "www.chesslib.no"]
[SourceDate "2004.05.04"]

1. d4 d5 2. Nf3 Nf6 3. c4 e6 4. Nc3 Be7 5. Bg5 O-O 6. e3 Nbd7 7. Qc2 c5 8. cxd5 Nxd5 9. Bxe7 Qxe7 10. Nxd5 exd5 11. Bd3 g6 12. dxc5 Nxc5 13. O-O Bd7 14. Rac1 Rac8 15. Qd2 b6 16. Be2 a5 17. Qd4 Be6 18. Rc3 Rc7 19. Rfc1 Rfc8 20. Qf4 Bd7 21. Qe5 Qxe5 22. Nxe5 Be6 23. h3 Kf8 24. Nf3 Ke7 25. Nd4 Bd7 26. Bb5 Ne6 27. Rxc7 Rxc7 28. Rxc7 Nxc7 29. Bd3 1/2-1/2

[Event "11 Open Aosta"]
[Site "Saint Vincent"]
[Date "2003.02.09"]
[Round "2"]
[White "Scalcione, Michelangelo"]
[Black "Iordachescu, Viorel"]
[Result "1/2-1/2"]
[WhiteElo "2366"]
[BlackElo "2550"]
[PlyCount "39"]
[EventDate "2003.02.08"]
[Source "Roberto Alvarez"]
[SourceDate "2003.02.17"]

1. Nf3 Nf6 2. c4 e6 3. Nc3 d5 4. d4 Be7 5. Bg5 O-O 6. e3 Nbd7 7. Qc2 c5 8. cxd5 cxd4 9. Nxd4 Nxd5 10. Bxe7 Nxe7 11. Bd3 Nf6 12. O-O Bd7 13. Rfd1 Qb6 14. Rac1 Rfd8 15. h3 Rac8 16. Qe2 h6 17. Bc4 Be8 18. Bb3 Nc6 19. Nxc6 Bxc6 20. Rxd8+ 1/2-1/2

[Event "Koop Tjuchem op"]
[Site "Groningen"]
[Date "1996.??.??"]
[Round "6"]
[White "Ruzele, Darius"]
[Black "Khurtsidze, Nino"]
[Result "1-0"]
[WhiteElo "2520"]
[BlackElo "2395"]
[PlyCount "83"]
[EventDate "1996.12.20"]
[Source "www.chesslib.no"]
[SourceDate "2004.05.04"]

1. d4 Nf6 2. c4 e6 3. Nc3 d5 4. Bg5 Nbd7 5. e3 Be7 6. Nf3 O-O 7. Qc2 c5 8. cxd5 cxd4 9. Nxd4 Nxd5 10. Bxe7 Nxe7 11. O-O-O Qa5 12. g4 Nf6 13. Nb3 Qc7 14. g5 Nfd5 15. Nxd5 Qxc2+ 16. Kxc2 Nxd5 17. Bg2 Nb4+ 18. Kb1 Rb8 19. a3 Na6 20. Na5 b6 21. Nc6 Rb7 22. Rd6 Nb8 23. Rc1 Na6 24. Nb4 Rc7 25. Rdc6 Rxc6 26. Nxc6 Bd7 27. Nxa7 f6 28. gxf6 Rxf6 29. f4 Rh6 30. h3 e5 31. Bd5+ Kf8 32. fxe5 Bxh3 33. b4 g5 34. Nb5 Be6 35. e4 g4 36. Nd4 Bxd5 37. exd5 Rh5 38. d6 Rxe5 39. Rc8+ Kf7 40. d7 Rd5 41. d8=Q Rxd8 42. Rxd8 1-0

[Event "ESP-chT Div 1"]
[Site "Cala Galdana"]
[Date "1999.11.13"]
[Round "6"]
[White "Bellon Lopez, Juan Manuel"]
[Black "Garcia Padron, Jose"]
[Result "0-1"]
[WhiteElo "2463"]
[BlackElo "2451"]
[PlyCount "78"]
[EventDate "1999.11.08"]
[Source "www.chesslib.no"]
[SourceDate "2004.05.04"]

1. d4 d5 2. c4 e6 3. Nf3 Nf6 4. Nc3 Be7 5. Bg5 Nbd7 6. e3 O-O 7. Qc2 c5 8. cxd5 Nxd5 9. Nxd5 Bxg5 10. h4 Bh6 11. Nc3 cxd4 12. Nxd4 Nf6 13. O-O-O Qa5 14. Be2 g6 15. h5 Bg7 16. hxg6 hxg6 17. Bf3 Bd7 18. Bxb7 Rab8 19. Bc6 Rfc8 20. Bxd7 Nxd7 21. Nb3 Qc7 22. Kb1 Nb6 23. Rc1 a5 24. Qe4 Nc4 25. Rhd1 a4 26. Nxa4 Rb4 27. Rc2 Rxa4 28. Rdc1 Rb4 29. Qd3 Bxb2 30. Rxc4 Rxc4 31. Rxc4 Qxc4 32. Qxc4 Rxc4 33. Kxb2 Rh4 34. Nd4 Rh2 35. a4 Rxg2 36. Kb3 Rxf2 37. a5 Rf1 38. Kb2 e5 39. Nc6 Rf6 0-1

[Event "URS Ch otbor"]
[Site "Pavlodar"]
[Date "1987.??.??"]
[Round "?"]
[White "Novikov, Igor A"]
[Black "Gorelov, Sergey G"]
[Result "1/2-1/2"]
[WhiteElo "2480"]
[BlackElo "2430"]
[PlyCount "59"]
[EventDate "1987.??.??"]
[Source "www.chesslib.no"]
[SourceDate "2004.05.04"]

1. d4 Nf6 2. c4 e6 3. Nf3 d5 4. Nc3 Be7 5. Bg5 O-O 6. e3 Nbd7 7. Qc2 c5 8. cxd5 cxd4 9. Nxd4 Nxd5 10. Bxe7 Nxe7 11. Bd3 Nf6 12. O-O Bd7 13. Rfd1 Qb6 14. Rac1 Rac8 15. Qb3 Qxb3 16. Nxb3 b6 17. Nd4 Nfd5 18. Nxd5 Nxd5 19. Be4 Nf6 20. Bb7 Rxc1 21. Rxc1 Rd8 22. Kf1 Kf8 23. Ke2 Ke7 24. Ba6 Ne8 25. Nc6+ Bxc6 26. Rxc6 Rd7 27. Bd3 g6 28. h4 Rc7 29. Rxc7+ Nxc7 30. a3 1/2-1/2

[Event "Zuerich Open"]
[Site "Zurich SUI"]
[Date "1992.??.??"]
[Round "?"]
[White "Plachetka, Jan"]
[Black "Kelecevic, Nedeljko"]
[Result "1/2-1/2"]
[WhiteElo "2475"]
[BlackElo "2435"]
[PlyCount "30"]
[EventDate "1992.??.??"]
[Source "www.chesslib.no"]
[SourceDate "2004.05.04"]

1. d4 Nf6 2. c4 e6 3. Nc3 d5 4. Bg5 Nbd7 5. e3 Be7 6. Nf3 O-O 7. Qc2 c5 8. cxd5 cxd4 9. Nxd4 Nxd5 10. Bxe7 Nxe7 11. Bd3 Nf6 12. O-O Bd7 13. Rfd1 Qb6 14. Ne4 Ned5 15. Nxf6+ Nxf6 1/2-1/2

[Event "Chubut"]
[Site "Lithuania-Chubut"]
[Date "1995.??.??"]
[Round "?"]
[White "Enricci, Juan Andres"]
[Black "Toleikis, Anthanas"]
[Result "1/2-1/2"]
[WhiteElo "2445"]
[BlackElo "2460"]
[PlyCount "39"]
[EventDate "1995.??.??"]
[Source "www.chesslib.no"]
[SourceDate "2004.05.04"]

1. d4 d5 2. c4 e6 3. Nc3 Nf6 4. Bg5 Be7 5. Nf3 O-O 6. e3 Nbd7 7. Qc2 c5 8. cxd5 Nxd5 9. Bxe7 Qxe7 10. Nxd5 exd5 11. Bd3 g6 12. b3 b6 13. O-O Bb7 14. Rac1 Rac8 15. Qd2 Rfd8 16. Rfe1 Nf6 17. Ne5 Ne4 18. Qe2 cxd4 19. exd4 Qa3 20. Qf3 1/2-1/2

[Event "OHRA-B"]
[Site "Amsterdam"]
[Date "1985.??.??"]
[Round "1"]
[White "Rogers, Ian"]
[Black "Enklaar, Bertus F"]
[Result "1/2-1/2"]
[WhiteElo "2510"]
[BlackElo "2395"]
[PlyCount "95"]
[EventDate "1985.07.??"]
[Source "ChessBase"]

1. d4 Nf6 2. c4 e6 3. Nf3 d5 4. Nc3 Be7 5. Bg5 Nbd7 6. e3 O-O 7. Qc2 c5 8. cxd5 Nxd5 9. Nxd5 exd5 10. Bxe7 Qxe7 11. Be2 b6 12. O-O Bb7 13. dxc5 bxc5 14. b4 Rfc8 15. bxc5 Nxc5 16. Rac1 Qf6 17. Qc3 Qxc3 18. Rxc3 Ne6 19. Rb3 Rc2 20. Bd3 Rc7 21. h4 Rd8 22. Rfb1 Bc8 23. Rb8 g6 24. Ra8 Bd7 25. Rxd8+ Nxd8 26. Rb8 Rc8 27. Rxc8 Bxc8 28. Nd4 Kf8 29. Kf1 Ke7 30. Ke1 Kd6 31. Kd2 Nc6 32. Kc3 Nxd4 33. Kxd4 h6 34. Bc2 g5 35. g3 f6 36. a3 Bd7 37. Bb3 Bc6 38. Bd1 Bd7 39. Bh5 Bc6 40. Bf7 Bb7 41. Be8 Ba8 42. hxg5 hxg5 43. f4 Bb7 44. fxg5 fxg5 45. Bg6 Bc6 46. Bc2 Be8 47. Bb3 Bc6 48. Ba2 1/2-1/2

[Event "LTU-ch"]
[Site "Vilnius"]
[Date "2000.03.29"]
[Round "5"]
[White "Bandza, Algirdas"]
[Black "Kveinys, Aloyzas"]
[Result "1/2-1/2"]
[WhiteElo "2391"]
[BlackElo "2496"]
[PlyCount "23"]
[EventDate "2000.03.25"]
[Source "ChessBase"]
[SourceDate "2000.05.11"]

1. d4 Nf6 2. c4 e6 3. Nf3 d5 4. Nc3 Be7 5. Bg5 O-O 6. e3 Nbd7 7. Qc2 c5 8. cxd5 Nxd5 9. Bxe7 Qxe7 10. Nxd5 exd5 11. Bd3 g6 12. dxc5 1/2-1/2

[Event "Gausdal Int"]
[Site "Gausdal"]
[Date "1991.??.??"]
[Round "4"]
[White "Serper, Grigory"]
[Black "Murugan, Krishnamoorthy"]
[Result "1-0"]
[WhiteElo "2490"]
[BlackElo "2395"]
[PlyCount "83"]
[EventDate "1991.08.??"]
[Source "ChessBase"]

1. c4 e6 2. Nc3 d5 3. d4 Nf6 4. Bg5 Be7 5. Nf3 O-O 6. Qc2 Nbd7 7. e3 c5 8. cxd5 Nxd5 9. Bxe7 Qxe7 10. Nxd5 exd5 11. Bd3 g6 12. dxc5 Nxc5 13. O-O Be6 14. Nd4 Rac8 15. Rac1 a6 16. Rfd1 Ne4 17. Qe2 Nf6 18. Qe1 Rxc1 19. Rxc1 Rc8 20. Rxc8+ Bxc8 21. Qc3 Be6 22. Ne2 Ne8 23. Qd4 Qf6 24. b4 Qxd4 25. Nxd4 Kf8 26. a4 Ke7 27. a5 Nc7 28. f4 Kd6 29. Kf2 Bd7 30. h4 Ne6 31. Nf3 Nd8 32. Nd4 Nc6 33. Nxc6 Kxc6 34. Kf3 Bf5 35. Be2 h5 36. Kf2 Be4 37. g3 f6 38. Ke1 d4 39. Bc4 dxe3 40. Ke2 Bd5 41. Bd3 f5 42. Kxe3 1-0

[Event "Tallinn"]
[Site "Tallinn"]
[Date "1981.??.??"]
[Round "13"]
[White "Veingold, Aleksandr"]
[Black "Djuric, Stefan"]
[Result "1/2-1/2"]
[WhiteElo "2445"]
[BlackElo "2435"]
[PlyCount "68"]
[EventDate "1981.03.??"]
[Source "ChessBase"]

1. Nf3 d5 2. d4 Nf6 3. c4 e6 4. Bg5 Be7 5. Nc3 O-O 6. e3 Nbd7 7. Qc2 c5 8. cxd5 Nxd5 9. Bxe7 Qxe7 10. Nxd5 exd5 11. Bd3 g6 12. b3 b6 13. O-O Bb7 14. Rac1 Rac8 15. Qe2 Rfd8 16. Rc2 Nf8 17. Rfc1 Ne6 18. Qd2 Qf6 19. Be2 Qe7 20. h3 Rc7 21. dxc5 bxc5 22. Qa5 Rcd7 23. Ne5 Rd6 24. Nd3 d4 25. Nxc5 Rd5 26. e4 Rxc5 27. Rxc5 d3 28. Bd1 d2 29. R1c4 Nxc5 30. Qxc5 Qxc5 31. Rxc5 Bxe4 32. f3 Bb1 33. Kf2 Bxa2 34. Ra5 Bxb3 1/2-1/2

[Event "LTU Ch  Vilnius"]
[Site "Vilnius LTU"]
[Date "1994.??.??"]
[Round "12"]
[White "Zagorskis, Darius"]
[Black "Sulskis, Sarunas"]
[Result "1/2-1/2"]
[WhiteElo "2450"]
[BlackElo "2430"]
[PlyCount "142"]
[EventDate "1994.??.??"]
[Source "www.chesslib.no"]
[SourceDate "2004.05.04"]

1. d4 Nf6 2. c4 e6 3. Nc3 d5 4. Bg5 Be7 5. e3 O-O 6. Nf3 Nbd7 7. Qc2 c5 8. cxd5 Nxd5 9. Bxe7 Nxe7 10. Be2 Nc6 11. dxc5 Nxc5 12. O-O b6 13. a3 Bb7 14. Rfd1 Qe7 15. Nb5 a5 16. Nd6 Rad8 17. Nxb7 Qxb7 18. Ng5 g6 19. Ne4 Nxe4 20. Qxe4 Rxd1+ 21. Rxd1 Rd8 22. Rc1 Rd6 23. Bf3 Qd7 24. h4 Ne7 25. h5 gxh5 26. Bxh5 Rc6 27. Rxc6 Qxc6 28. Qxc6 Nxc6 29. f4 f6 30. Kf2 Kf8 31. Be2 h6 32. Bc4 e5 33. Kf3 exf4 34. exf4 f5 35. Bd3 Ne7 36. Ke3 Nd5+ 37. Kf3 Ne7 38. g3 Kf7 39. Bc4+ Ke8 40. Be6 Kd8 41. g4 fxg4+ 42. Kxg4 Nc6 43. Kh5 Ke7 44. Bd5 Nd4 45. Kg6 Ne2 46. Kf5 Ng3+ 47. Ke5 Nh5 48. Bc4 Nf6 49. Kf5 Nh5 50. a4 Kf8 51. Bd5 Ke7 52. Bc6 Kf7 53. Ke5 Ke7 54. Bf3 Ng7 55. Be4 Ne6 56. Bd5 Nc5 57. b3 h5 58. Bc4 h4 59. f5 h3 60. f6+ Kf8 61. Bd5 h2 62. Kd6 Nxb3 63. Kc6 Nc5 64. Kxb6 Nxa4+ 65. Kxa5 Nc3 66. Ba8 Kf7 67. Kb4 Ne2 68. Kc4 Kxf6 69. Kd3 Ng3 70. Ke3 Kf5 71. Kf2 Kf4 1/2-1/2

[Event "Bern Open"]
[Site "Bern SUI"]
[Date "1994.??.??"]
[Round "7"]
[White "Kelecevic, Nedeljko"]
[Black "Begovac, Franja"]
[Result "1-0"]
[WhiteElo "2455"]
[BlackElo "2420"]
[PlyCount "103"]
[EventDate "1994.02.??"]
[Source "www.chesslib.no"]
[SourceDate "2004.05.04"]

1. d4 d5 2. Nf3 Nf6 3. c4 e6 4. Nc3 Be7 5. Bg5 O-O 6. e3 Nbd7 7. Qc2 c5 8. cxd5 Nxd5 9. Bxe7 Qxe7 10. Nxd5 exd5 11. Bd3 g6 12. dxc5 Nxc5 13. Rc1 Nxd3+ 14. Qxd3 Bf5 15. Qe2 Bg4 16. Rd1 Bxf3 17. gxf3 Qg5 18. Kf1 Rac8 19. h4 Qh5 20. f4 Qf5 21. Qf3 Rfd8 22. Kg2 Rc2 23. Rd4 Rxb2 24. Rhd1 Rxa2 25. Rxd5 Rxd5 26. Rxd5 Qf6 27. h5 Rc2 28. Qh3 Qc6 29. e4 Qe8 30. Qd3 Rc8 31. f5 gxh5 32. Qd4 Qf8 33. f6 Qh6 34. f4 Qf8 35. Kh3 b5 36. Rxb5 Qa3+ 37. Kh4 Qf3 38. Qd7 Qg4+ 39. Qxg4+ hxg4 40. Kxg4 Ra8 41. Rg5+ Kh8 42. Ra5 h6 43. Ra6 Kh7 44. Kh5 Re8 45. e5 Ra8 46. f5 Rg8 47. e6 Rg5+ 48. Kh4 fxe6 49. Rxa7+ Kg8 50. fxe6 Re5 51. Ra8+ Kh7 52. e7 1-0

[Event "AZE Ch"]
[Site "Baku AZE"]
[Date "1996.??.??"]
[Round "?"]
[White "Guliev, Sarhan"]
[Black "Shur, Mikhail"]
[Result "1-0"]
[WhiteElo "2505"]
[BlackElo "2365"]
[PlyCount "103"]
[EventDate "1996.??.??"]
[Source "www.chesslib.no"]
[SourceDate "2004.05.04"]

1. d4 d5 2. c4 e6 3. Nc3 Be7 4. Nf3 Nf6 5. Bg5 O-O 6. e3 Nbd7 7. Qc2 c5 8. cxd5 Nxd5 9. Bxe7 Qxe7 10. Nxd5 exd5 11. Bd3 g6 12. dxc5 Nxc5 13. O-O Bg4 14. Nd4 Rac8 15. Qd2 Rfd8 16. Rfc1 a6 17. Bf1 Ne4 18. Qe1 Bd7 19. Bd3 Nc5 20. Qb4 Kf8 21. Bf1 Be8 22. Qa5 Qd6 23. Qc3 Qf6 24. Qa3 Qe7 25. Qa5 Qd6 26. g3 Ne4 27. Bg2 Kg7 28. Rd1 Qf6 29. f3 Nc5 30. Rac1 b6 31. Qd2 a5 32. b3 Ne6 33. f4 Nc5 34. f5 Ne4 35. Bxe4 dxe4 36. Rxc8 Rxc8 37. Rf1 Qe5 38. Qf2 Kg8 39. g4 Rc3 40. h4 Qc7 41. fxg6 hxg6 42. h5 Qd6 43. hxg6 fxg6 44. Kg2 Rd3 45. a4 Qe7 46. Qf4 Qh4 47. Ne2 Qe7 48. Rf2 Rxb3 49. Nd4 Rb1 50. Qh6 Bf7 51. Nf5 Qe5 52. Qg5 1-0

[Event "Velammal 45th National A ch-IND"]
[Site "Chennai IND"]
[Date "2008.02.04"]
[Round "2"]
[White "Ashwin, J."]
[Black "Thejkumar, M."]
[Result "0-1"]
[WhiteElo "2478"]
[BlackElo "2382"]
[PlyCount "54"]
[EventDate "2008.02.03"]
[Source "www.chesslib.no"]
[SourceDate "2004.05.04"]

1. d4 d5 2. Nf3 Nf6 3. c4 e6 4. Nc3 Be7 5. Bg5 O-O 6. e3 Nbd7 7. Qc2 c5 8. cxd5 Nxd5 9. Nxd5 Bxg5 10. h4 Bh6 11. Nc3 cxd4 12. Nxd4 Nb6 13. g4 g6 14. O-O-O Qe7 15. h5 Bg7 16. f3 e5 17. Ndb5 Be6 18. hxg6 hxg6 19. Rd2 Rfd8 20. Rdh2 a6 21. Na3 Rac8 22. Nab1 Nd5 23. Qe4 Nb4 24. a3 Bb3 25. Nd2 Na2+ 26. Kb1 Nxc3+ 27. bxc3 Qxa3 0-1